<?xml version="1.0" encoding="UTF-8"?>
<record
    xmlns:xsi="http://www.w3.org/2001/XMLSchema-instance"
    xsi:schemaLocation="http://www.loc.gov/MARC21/slim http://www.loc.gov/standards/marcxml/schema/MARC21slim.xsd"
    xmlns="http://www.loc.gov/MARC21/slim">

  <leader>01638nam a22001577a 4500</leader>
  <datafield tag="999" ind1=" " ind2=" ">
    <subfield code="c">25600</subfield>
    <subfield code="d">25600</subfield>
  </datafield>
  <datafield tag="020" ind1=" " ind2=" ">
    <subfield code="a">9781912127047</subfield>
  </datafield>
  <datafield tag="082" ind1=" " ind2=" ">
    <subfield code="a">338.9</subfield>
    <subfield code="b">MIL-A</subfield>
  </datafield>
  <datafield tag="100" ind1=" " ind2=" ">
    <subfield code="a">Miletzki, Janna                                    </subfield>
  </datafield>
  <datafield tag="100" ind1=" " ind2=" ">
    <subfield code="a">Broten, Nick</subfield>
  </datafield>
  <datafield tag="245" ind1=" " ind2=" ">
    <subfield code="a">Analysis of Amartya Sen's - development as freedom</subfield>
  </datafield>
  <datafield tag="260" ind1=" " ind2=" ">
    <subfield code="a">London       </subfield>
    <subfield code="b">Routledge</subfield>
    <subfield code="c">2017  </subfield>
  </datafield>
  <datafield tag="300" ind1=" " ind2=" ">
    <subfield code="a">89p.</subfield>
  </datafield>
  <datafield tag="520" ind1=" " ind2=" ">
    <subfield code="a">Amartya Sen uses his 1999 work Development as Freedom to evaluate the processes and outcomes of economic development. Having come to the conclusion that development is best summed up as the expansion of freedom, Sen examines traditional definitions and understandings of the term. He says people tend to think of freedoms as economic (the freedom to enter into market exchanges) or political (the freedom to vote and be an active citizen), and tries to understand why the definition has been so narrow hitherto. He concludes that an evaluation of true freedom must necessarily include the freedom to access social services such as healthcare, sanitation and nutrition, just as much as it must acknowledge economic and political freedoms. Evaluating the relevance of the current thinking behind the development, Sen concludes that the term &#x2018;freedom&#x2019; cannot simply be about income. In many ways, measuring income does not account for various &#x201C;unfreedoms&#x201D; (manmade or natural bars to wellbeing) that hinder development. Sen&#x2019;s evaluation is all the more powerful for its clarity: "The freedom-centred perspective has a generic similarity to the common concern with "quality of life</subfield>
  </datafield>
  <datafield tag="650" ind1=" " ind2=" ">
    <subfield code="a">Economic development--Social aspects</subfield>
    <subfield code="v">Liberty</subfield>
  </datafield>
  <datafield tag="942" ind1=" " ind2=" ">
    <subfield code="2">ddc</subfield>
    <subfield code="c">BK</subfield>
  </datafield>
  <datafield tag="952" ind1=" " ind2=" ">
    <subfield code="0">0</subfield>
    <subfield code="1">0</subfield>
    <subfield code="4">0</subfield>
    <subfield code="7">0</subfield>
    <subfield code="a">NASSDOC</subfield>
    <subfield code="b">NASSDOC</subfield>
    <subfield code="d">2019-03-26</subfield>
    <subfield code="e">OP</subfield>
    <subfield code="i">2019-03-26</subfield>
    <subfield code="l">0</subfield>
    <subfield code="o">338.9 MIL-A</subfield>
    <subfield code="p">50326</subfield>
    <subfield code="r">2019-08-30 00:00:00</subfield>
    <subfield code="w">2019-03-26</subfield>
    <subfield code="y">BK</subfield>
  </datafield>
</record>
